|
|
|
|
| LEADER |
00000nkm a2200000 4500 |
| 001 |
vtls011996321 |
| 003 |
SK-MaSNL |
| 005 |
20260301190559.0 |
| 007 |
kf co |
| 008 |
240409q1987 xo g 00 k|slo |
| 015 |
|
|
|a SNBG1987
|
| 035 |
|
|
|a urn:nbn:sk:snk-km00fcy8
|
| 035 |
|
|
|a urn:nbn:sk:snk-km45sex
|
| 035 |
|
|
|a 2CCADACB-4003-4AA5-B5DD-4DA8FF21E77F
|
| 040 |
|
|
|a SNK
|b slo
|c SNK
|e rda
|
| 041 |
0 |
|
|a slo
|
| 044 |
|
|
|a xo
|c SK
|
| 072 |
|
7 |
|a 792
|x Divadlo. Divadelné predstavenia
|2 konspekt
|
| 080 |
|
|
|a 792
|2 2011
|
| 080 |
|
|
|a (084.5)
|2 2011
|
| 245 |
0 |
0 |
|a Ivan Stodola: Voľakedy a dnes
|h grafika
|b propagačný plagát
|
| 264 |
|
1 |
|a [Slovensko?]
|b [vydavateľ neznámy?]
|c 2009
|
| 300 |
|
|
|a 1 plagát
|b farebný
|c 42 x 59 cm
|
| 336 |
|
|
|a statický obraz
|b sti
|2 rdacontent
|
| 336 |
|
|
|a text
|b txt
|2 rdacontent
|
| 337 |
|
|
|a bez média
|b n
|2 rdamedia
|
| 338 |
|
|
|a list
|b nc
|2 rdacarrier
|
| 500 |
|
|
|a Dátum vydania určený na základe informácie na plagáte.
|
| 520 |
|
|
|a Zobrazenie: na čiernom podklade názvový a informačný text hnedej a bielej farby, uprostred abstraktná kompozícia v starodávnom obrazovom ráme v zemitých farbách.
|
| 655 |
|
7 |
|a plagáty
|2 SNKPH
|9 70571
|
| 852 |
|
|
|a Slovenská národná knižnica v Martine
|
| 958 |
|
|
|a CP
|
| 958 |
|
|
|a TL
|
| 999 |
|
|
|c 868022
|d 869952
|
| 952 |
|
|
|a SNKLM
|b SNKLM
|y PREZ
|7 0
|p 17A1405722
|o snklm L 3623
|i snklm 49/2010
|8 6
|0 0
|1 0
|4 0
|d 2020-10-07
|f 1
|l 0
|r 2026-02-24 05:33:02
|w 2026-02-24
|